000 00673nam a2200205 i 4500
001 145713
003 ES-MaACL
005 20231205181143.0
007 t|
008 071016s1956 sp |||| | spa d
100 1 _aVera, Alberto.
_9113937
245 1 0 _aOrígenes e historial de las ganaderías bravas /
_cpor Areva (seud.) ; prólogo de José María de Cossío.
250 _a3ª ed. ampl.
260 _aMadrid :
_b[s.n.],
_c1956 (
_fArtes Gráficas E. M. A.)
300 _a382 p. ;
_c20 cm.
650 1 4 _aGanaderías de toros de lidia.
_9163235
700 1 _aCossío, José María de,
_d1893-1977
_941017
852 _aES-MaACL
_jC-10363
999 _c145713
_d145713